| 000 | 01410nam a2200373 i 4500 | ||
|---|---|---|---|
| 001 | 30354 | ||
| 003 | KOSZ 005 | ||
| 005 | 20201008114404.0 | ||
| 008 | s1994 pl f |000 0 pol | ||
| 040 |
_cKOSZ 005 _aKOSZ 005 _dKOSZ 005/EG |
||
| 041 | 0 | _apl | |
| 046 | _k1994 | ||
| 080 | _a504 | ||
| 080 | _a(438) | ||
| 245 | 0 | 0 |
_aInformacja o stanie środowiska w województwie krakowskim w 1993 roku : _bpraca zbiorowa / _cpod red. Konrada Pawła Turzańskiego ; Państwowa Inspekcja Ochrony Środowiska, Wojewódzki Inspektorat Ochrony Środowiska w Krakowie. |
| 260 |
_aKraków : _bPIOŚ, _c1994. |
||
| 300 |
_a64, XLII tabl. kolor. ; _c24 cm. |
||
| 336 |
_2rdacontent _aTekst _btxt |
||
| 337 |
_2rdamedia _aBez urządzenia posredniczącego _bn |
||
| 338 |
_2rdacarrier _aWolumin _bnc |
||
| 380 | _aKsiążki | ||
| 388 | _a1901-2000 | ||
| 388 | _a1989-2000 | ||
| 490 | 1 | _aBiblioteka Monitoringu Środowiska | |
| 650 | 7 | _aŚrodowisko człowieka | |
| 650 | 7 | _aHigiena | |
| 651 | 7 | _aKraków (woj. małopolskie ; okręg) | |
| 658 | _aOchrona środowiska | ||
| 700 | 1 |
_aTurzański, Konrad Paweł _eRedakcja |
|
| 710 | 2 |
_aPaństwowa Inspekcja Ochrony Środowiska _4pbl |
|
| 830 | _aBiblioteka Monitoringu Środowiska | ||
| 856 |
_uhttp://koha.tu.koszalin.pl/cgi-bin/koha/opac-detail.pl?biblionumber=30354 _yKatalog online BPK |
||
| 942 |
_cKS _2UKD |
||
| 999 |
_c30354 _d30354 |
||